An introduction to physical science (Record no. 7381)
[ view plain ]
| 000 -LEADER | |
|---|---|
| fixed length control field | 00589 a2200193 4500 |
| 020 ## - INTERNATIONAL STANDARD BOOK NUMBER | |
| International Standard Book Number | 0-669-29626-0 |
| 040 ## - CATALOGING SOURCE | |
| Original cataloging agency | Library of Congress |
| Language of cataloging | English |
| 082 ## - DEWEY DECIMAL CLASSIFICATION NUMBER | |
| Classification number | 500.2 |
| 082 ## - DEWEY DECIMAL CLASSIFICATION NUMBER | |
| Classification number | 500.2 |
| 100 1# - MAIN ENTRY--PERSONAL NAME | |
| Personal name | Shipman, James T. |
| 245 03 - TITLE STATEMENT | |
| Title | An introduction to physical science |
| Statement of responsibility, etc. | James T. Shipman, Jerry D. Wilson, Aaron W. Todd |
| 250 ## - EDITION STATEMENT | |
| Edition statement | 7. ed. |
| 260 ## - PUBLICATION, DISTRIBUTION, ETC. | |
| Place of publication, distribution, etc. | Lexington, Mass. : |
| Name of publisher, distributor, etc. | D. C. Heath and Co., |
| Date of publication, distribution, etc. | cop. 1993 |
| 300 ## - PHYSICAL DESCRIPTION | |
| Extent | xxii, 733, 54 p. : |
| Other physical details | col. ill. ; |
| Dimensions | 27 cm. |
| 650 #0 - SUBJECT ADDED ENTRY--TOPICAL TERM | |
| Topical term or geographic name entry element | Physical sciences |
| 700 1# - ADDED ENTRY--PERSONAL NAME | |
| Personal name | Wilson, Jerry D. |
| 700 1# - ADDED ENTRY--PERSONAL NAME | |
| Personal name | Todd, Aaron W. |
| 942 ## - ADDED ENTRY ELEMENTS (KOHA) | |
| Koha item type | Book |
| Call number prefix | 500.2 SHI |
| Source of classification or shelving scheme | |
| Withdrawn status | Lost status | Damaged status | Not for loan | Collection code | Permanent Location | Current Location | Shelving location | Date acquired | Source of acquisition | Total Checkouts | Full call number | Barcode | Date last seen | Date last checked out | Price effective from | Koha item type |
|---|---|---|---|---|---|---|---|---|---|---|---|---|---|---|---|---|
| Central Library (CL) | Central Library (CL) | General Stacks | 11/15/2000 | Donation | 1 | 500.2 SHI | SEECS000364 | 05/22/2019 | 04/24/2019 | 01/05/2017 | Book |
